La inteligencia artificial : una aproximación /

Obra que plantea los antecedentes y perspectivas de la inteligencia artificial, sus bases lógicas operacionales y su contribución en el desarrollo de sistemas inteligentes.

Gespeichert in:
Bibliographische Detailangaben
1. Verfasser: Haton, Jean-Paul (autor)
Weitere Verfasser: Haton, Marie-Christine (autor) (autor)
Format: Buch
Sprache:Spanisch
Veröffentlicht: Buenos Aires, Argentina : Paidós, 1991, c1991
Schlagworte:
Tags: Tag hinzufügen
Keine Tags, Fügen Sie das erste Tag hinzu!

MARC

LEADER 00000nam^a2200000^a^4500
001 000259958
005 20250521000000.0
009 20260310110423.323
020 |a 950-12-6681-8 
037 |a Acervo Xavier Clavigero 
041 |a ESP 
082 |a 006. 3  |b HAT 
100 |a Haton, Jean-Paul  |e (autor) 
245 1 3 |a La inteligencia artificial :  |b una aproximación /  |c J.P. Haton, M. C. Haton ; tr. por Iris P. Ucha. 
264 4 |a Buenos Aires, Argentina :  |b Paidós,  |c 1991, c1991 
300 |a 156 p. 
336 |a texto  |b txt  |2 rdacontenido 
337 |a sin mediación  |b n  |2 rdamedio 
338 |a volumen  |b nc  |2 rdasoporte 
500 |a Traducción de: L'intelligence artificielle 
520 |a Obra que plantea los antecedentes y perspectivas de la inteligencia artificial, sus bases lógicas operacionales y su contribución en el desarrollo de sistemas inteligentes. 
649 |a XX 
650 |a Inteligencia Artificial 
650 |a Sistemas Expertos 
650 |a Control Automático 
650 |a Lógica 
650 |a Robótica 
650 |a Ingeniería Computacional 
700 |a Haton, Marie-Christine  |e (autor) 
910 |a Fondo General 
920 |a Impresos - Libros 
930 |a Colección General 
905 |a 101 
901 |a 058868  |b IT1  |c ACC  |u 20250521 
902 |a https://opac.biblio.iteso.mx/vufind/Record/000259958